000 00322nam a2200133Ia 4500
008 151001s9999||||xx |||||||||||||| ||und||
100 _aबी आर आंबेडकर
245 _aशुद्र कौन
250 _a1
260 _bकंचन
260 _c2007
300 _a148
365 _b21
999 _c989298
_d989295